书目信息 |
| 题名: |
长江水利史略
|
|
| 作者: | ;长江流域规划办公室 编 | |
| 分册: | ||
| 出版信息: | 北京 水利电力出版社 1979 |
|
| 页数: | 224页 | |
| 开本: | 20cm | |
| 丛书名: | ||
| 单 册: | ||
| 中图分类: | TV882.2-09 | |
| 科图分类: | ||
| 主题词: | 长江-水利史 , 水利史-长江 | |
| 电子资源: | ||
| ISBN: | ||
| 000 | 00672nam0 2200229 45 | |
| 001 | 0179006966 | |
| 005 | 20060801165604.10 | |
| 010 | @dCNY0.85 | |
| 091 | @a15143.3487 | |
| 100 | @a19950728d1979 em y0chiy0121 ea | |
| 101 | 0 | @achi |
| 102 | @aCN@b110000 | |
| 105 | @ay z 000yy | |
| 200 | 10 | @a长江水利史略@Achang jiang shui li shi lue@f长江流域规划办公室《长江水利史略》编写组编 |
| 210 | @a北京@c水利电力出版社@d1979 | |
| 215 | @a224页@d20cm | |
| 606 | @a长江-水利史 | |
| 606 | @a水利史-长江 | |
| 690 | @aTV882.2-09@v3 | |
| 711 | 02 | @a长江流域规划办公室@Achang jiang liu yu gui hua ban gong shi@4编 |
| 801 | 0 | @aCN@bTSSF@c20060801 |
| 905 | @a10447@dTV882.2-09@e19 | |
| 长江水利史略/长江流域规划办公室《长江水利史略》编写组编.-北京:水利电力出版社,1979 |
| 224页;20cm |
| ISBN :CNY0.85 |
| ● |
| 相关链接 |
|
|
|
|
正题名:长江水利史略
索取号:TV882.2-09/19
 
预约/预借
| 序号 | 登录号 | 条形码 | 馆藏地/架位号 | 状态 | 备注 |
| 1 | 0438921 | 204389214 | 密集书库/ [索取号:TV882.2-09/19] | 在馆 | |
| 2 | 0439350 | 204393502 | 密集书库/ [索取号:TV882.2-09/19] | 在馆 |